000 01708cam a22004814i 4500
003 PE-LiUPU
005 20250731172957.0
008 150623s1998 nyu rb 000 0 eng d
020 _a0195091280
035 _a(Sirsi) i9780195091281
040 _aPE-LiUPU
_bspa
_cPE-LiUPU
_erda
049 _aPRUA
082 0 4 _a296.09
_bN664a
_223
100 1 _aNiditch, Susan,
_eautor.
245 1 0 _aAncient israelite religion /
_cSusan Niditch.
264 1 _aNew York, N.Y. :
_bOxford University Press,
_c1998.
300 _a146 páginas ;
_c21 centímetros.
336 _atext
_2rdacontent
337 _aunmediated
_2rdamedia
338 _avolume
_2rdacarrier
504 _aIncluye bibliografía.
505 0 _aReligion and the ancient israelites -- The experiential -- Where from, Where to?: mythic patterns of origins and death -- The legal and ethical dimension -- The ritual dimension.
526 _aSEG42
526 _aSEG41
526 _aSEG40
526 _aSEG39
526 _aP94
526 _aP87
526 _aP86
526 _aP85
526 _aP77
526 _aP76
526 _aP35
630 0 4 _aBiblia.
_pA.T.
_xTeología
650 1 4 _aJudaísmo
_xHistoria
_yHasta el 70 d.C.
650 1 4 _aIsrael
_xReligión
_yAntigüedades
_93241
942 _2ddc
_cBK
_n0
949 _a296.09 N664a
_wDEWEY
_c1
_i47178
_lCCODEBUL1
_mBUL
_r0
_sY
_tBOOK
_u2015-6-24
_xTEOLOGIA
_0COMPRA
_o.STAFF. Colección Teología
949 _a296.0901 N54
_wDEWEY
_c2
_i45366
_lCCODEBUL1
_mBUL
_r0
_sY
_tBOOK
_u2015-6-24
_xTEOLOGIA
_0COMPRA
_o.STAFF. Colección Teología
980 _81
_gALBERTO SANCHEZ Responsable de Automatización
999 _c22230
_d22230